000 00758nam a2200229 a 4500
001 48324
003 BD-RjUL
005 20211209054513.0
008 160813s2010 bg ||||| |||| 00| p ben d
020 _c: Tk.100.00
035 _a(BD-RjUL) 48443
040 _aBD-RjUL
_bben
_cBD-RjUL
041 _aben
082 _223
_a891.441
_bALM 2010
100 1 _aআলী, মো: নওসাদ
_9120284
245 _aমাধবী লতা /
_cমো: নওসাদ আলী
260 _aরাজশাহী :
_bবাংলাদেশ কবিতা ক্লাব,
_c২০১০
300 _a৮০ পৃ. ;
_c১৯ সেমি.
650 _aবাংলা কবিতা
_9146290
650 _aBangla poetry
_9120455
942 _2ddc
_cBK
999 _c48324
_d48324